[Event "Lindores Abbey Blitz Tal Memorial"]
[Site "Riga"]
[Date "2021.11.08"]
[Round "1.31"]
[White "Saduakassova, Dinara"]
[Black "Ponkratov, Pavel"]
[Result "0-1"]
[WhiteElo "2378"]
[BlackElo "2642"]
[PlyCount "110"]
[EventDate "2021.11.08"]
[EventType "swiss (blitz)"]
[EventRounds "18"]
[EventCountry "LAT"]
[SourceTitle "CBM 205 Extra"]
[Source "ChessBase"]
[SourceDate "2022.01.31"]
[SourceVersion "1"]
[SourceVersionDate "2022.01.31"]
[SourceQuality "1"]

1. d4 Nf6 2. Nf3 c5 3. d5 b5 4. a4 Qa5+ 5. Bd2 b4 6. c4 g6 7. Qc2 Bg7 8. e4 d6 9. Bd3 0-0 10. 0-0 Qc7 11. Bg5 h6 12. Bf4 Nh5 13. Be3 e5 14. dxe6 Bxe6 15. Nbd2 Nc6 16. Nb3 Bg4 17. Be2 Rae8 18. h3 Bc8 19. Rad1 Nf6 20. Bd3 Kh7 21. Rfe1 Nd7 22. Bf1 Nb6 23. Nc1 f5 24. exf5 Bxf5 25. Bd3 Bxd3 26. Nxd3 Rxf3 27. gxf3 Qf7 28. b3 Qf5 29. Kg2 Nd7 30. Re2 Rf8 31. Nf4 Qg5+ 32. Kh1 Rxf4 33. Bxf4 Qxf4 34. Qe4 Qxe4 35. Rxe4 Bd4 36. Re6 Be5 37. Rdxd6 Bxd6 38. Rxd6 Ncb8 39. f4 Kg7 40. Kg2 Kf7 41. Kf3 Nf8 42. Ke4 Ke7 43. Rd5 Nbd7 44. Ke3 Ne6 45. f5 gxf5 46. Rxf5 Nd4 47. Rh5 Nxb3 48. Rxh6 Na5 49. f4 Nxc4+ 50. Kd3 Nd6 51. Rh7+ Ke6 52. h4 c4+ 53. Kd4 c3 54. Kd3 Nc5+ 55. Kc2 Nde4 0-1

[Event "Lindores Abbey Blitz Tal Memorial"]
[Site "Riga"]
[Date "2021.11.08"]
[Round "17.43"]
[White "Saduakassova, Dinara"]
[Black "Tregubov, Pavel V"]
[Result "1-0"]
[WhiteElo "2378"]
[BlackElo "2423"]
[PlyCount "91"]
[EventDate "2021.11.08"]
[EventType "swiss (blitz)"]
[EventRounds "18"]
[EventCountry "LAT"]
[SourceTitle "CBM 205 Extra"]
[Source "ChessBase"]
[SourceDate "2022.01.31"]
[SourceVersion "1"]
[SourceVersionDate "2022.01.31"]
[SourceQuality "1"]

1. d4 Nf6 2. Nf3 e6 3. Bf4 c5 4. e3 b6 5. Nbd2 Bb7 6. Bd3 Be7 7. h3 0-0 8. 0-0 d6 9. c3 Nbd7 10. Bh2 Re8 11. Re1 Bf8 12. e4 cxd4 13. cxd4 a6 14. Rc1 b5 15. Bb1 e5 16. d5 Qb6 17. Qe2 Rac8 18. Nf1 g6 19. Ne3 Bh6 20. Bg3 Nh5 21. Rxc8 Rxc8 22. Kh2 Nxg3 23. fxg3 Bxe3 24. Qxe3 Qxe3 25. Rxe3 Rc1 26. Re1 Rxe1 27. Nxe1 Nc5 28. g4 b4 29. Nd3 Nxe4 30. Nxb4 Nf6 31. Bd3 a5 32. Nc6 Nxd5 33. Nxa5 Bc8 34. Nc4 Nb4 35. Nxd6 Nxd3 36. Nxc8 Nxb2 37. g5 f5 38. gxf6 Kf7 39. Kg3 Kxf6 40. Nd6 Na4 41. Ne4+ Kf5 42. Kf3 h6 43. Ke3 Ke6 44. Kd3 Kd5 45. Nc3+ Nxc3 46. Kxc3 1-0

[Event "FIDE Grand Swiss (Women)"]
[Site "Riga"]
[Date "2021.11.06"]
[Round "10"]
[White "Girya, Olga"]
[Black "Saduakassova, Dinara"]
[Result "1/2-1/2"]
[WhiteElo "2410"]
[BlackElo "2491"]
[PlyCount "61"]
[EventDate "2021.10.27"]
[EventType "swiss"]
[EventRounds "11"]
[EventCountry "LAT"]
[SourceTitle "CBM 205"]
[Source "ChessBase"]
[SourceDate "2021.12.31"]
[SourceVersion "1"]
[SourceVersionDate "2021.12.31"]
[SourceQuality "1"]

1. d4 Nf6 2. c4 e6 3. Nf3 b6 4. g3 Ba6 5. b3 Bb4+ 6. Bd2 Be7 7. Nc3 d5 8. cxd5 exd5 9. Bg2 0-0 10. Rc1 Re8 11. Ne5 Bb7 12. Bf4 Nh5 13. Be3 Nf6 14. 0-0 Nbd7 15. Nb5 c5 16. b4 Bf8 17. Bf4 Nxe5 18. dxe5 Nh5 19. Be3 Bc6 20. a4 Rxe5 21. bxc5 Rxe3 22. cxb6 Re6 23. Nd4 Qxb6 24. Nxc6 Rxc6 25. Qxd5 Rxc1 26. Rxc1 Nxg3 27. hxg3 Rd8 28. a5 Rxd5 29. axb6 Rc5 30. Rxc5 Bxc5 31. bxa7 1/2-1/2

[Event "FIDE Grand Swiss (Women)"]
[Site "Riga"]
[Date "2021.11.05"]
[Round "9"]
[White "Saduakassova, Dinara"]
[Black "Osmak, Iulija"]
[Result "1/2-1/2"]
[WhiteElo "2491"]
[BlackElo "2423"]
[PlyCount "81"]
[EventDate "2021.10.27"]
[EventType "swiss"]
[EventRounds "11"]
[EventCountry "LAT"]
[SourceTitle "CBM 205"]
[Source "ChessBase"]
[SourceDate "2021.12.31"]
[SourceVersion "1"]
[SourceVersionDate "2021.12.31"]
[SourceQuality "1"]

1. d4 Nf6 2. Nf3 e6 3. Bf4 d5 4. e3 Bd6 5. Nbd2 0-0 6. c3 c5 7. Ne5 Qc7 8. h4 Nbd7 9. Ndf3 Ne4 10. Bd3 cxd4 11. exd4 f6 12. Nxd7 Bxd7 13. Bxd6 Qxd6 14. h5 h6 15. Rh4 Bc6 16. Nd2 Nxd2 17. Qxd2 e5 18. dxe5 fxe5 19. 0-0-0 Qf6 20. Rg4 e4 21. Rg6 Qe5 22. Bc2 Qxh5 23. Rg3 Qh4 24. Bb3 Rad8 25. Qd4 Qf6 26. Qxe4 Qxf2 27. Rf3 Rxf3 28. gxf3 Qc5 29. Qe6+ Kh8 30. Bc2 Qd6 31. Qf5 g6 32. Qg4 Kh7 33. Rg1 Rg8 34. f4 Qf6 35. Re1 Re8 36. Rg1 Rg8 37. Re1 Re8 38. Rg1 Rg8 39. Re1 Re8 40. Rg1 Rg8 41. Re1 1/2-1/2

[Event "FIDE Grand Swiss (Women)"]
[Site "Riga"]
[Date "2021.10.29"]
[Round "3"]
[White "Sukandar, Irine Kharisma"]
[Black "Saduakassova, Dinara"]
[Result "1/2-1/2"]
[WhiteElo "2406"]
[BlackElo "2491"]
[PlyCount "61"]
[EventDate "2021.10.27"]
[EventType "swiss"]
[EventRounds "11"]
[EventCountry "LAT"]
[SourceTitle "CBM 205"]
[Source "ChessBase"]
[SourceDate "2021.12.31"]
[SourceVersion "1"]
[SourceVersionDate "2021.12.31"]
[SourceQuality "1"]

1. e4 e5 2. Nf3 Nc6 3. d4 exd4 4. Nxd4 Nf6 5. Nc3 Bb4 6. Nxc6 bxc6 7. Bd3 d5 8. Bd2 0-0 9. 0-0 Bxc3 10. Bxc3 dxe4 11. Bxf6 Qxf6 12. Bxe4 Qxb2 13. Bxc6 Rb8 14. Rb1 Qxb1 15. Qxb1 Rxb1 16. Rxb1 Rd8 17. h3 Kf8 18. Be4 Ke7 19. Bd3 Rd6 20. Rb3 h6 21. Kf1 Rb6 22. Ra3 a6 23. Ke2 Bb7 24. f3 Bd5 25. Ra5 Bb7 26. Ra3 Bd5 27. Rxa6 Rxa6 28. Bxa6 Bxa2 29. Ke3 Kd6 30. Kd4 c5+ 31. Ke4 1/2-1/2

[Event "WchT (Women) Final"]
[Site "Sitges"]
[Date "2021.09.30"]
[Round "1.1"]
[White "Saduakassova, Dinara"]
[Black "Vaishali, Ramesh Babu"]
[Result "1/2-1/2"]
[WhiteElo "2491"]
[BlackElo "2419"]
[PlyCount "77"]
[EventDate "2021.09.30"]
[EventType "team-k.o. (rapid)"]
[EventRounds "3"]
[EventCountry "ESP"]
[SourceTitle "CBM 204 Extra"]
[Source "ChessBase"]
[SourceDate "2021.11.30"]
[SourceVersion "1"]
[SourceVersionDate "2021.11.30"]
[SourceQuality "1"]
[WhiteTeam "Kazakhstan (W)"]
[BlackTeam "India (W)"]
[WhiteTeamCountry "KAZ"]
[BlackTeamCountry "IND"]

1. d4 Nf6 2. Nf3 g6 3. c4 Bg7 4. g3 c5 5. Bg2 cxd4 6. Nxd4 h5 7. Nf3 0-0 8. Nc3 Qc7 9. Qd3 Na6 10. Nb5 Qd8 11. Be3 d5 12. 0-0 Bf5 13. Qa3 dxc4 14. Rac1 Qe8 15. Qa5 Be4 16. Rxc4 Bd5 17. Rcc1 Ng4 18. Bd4 e5 19. Bc3 Bc6 20. Na3 Rd8 21. Rfd1 Rxd1+ 22. Rxd1 Qc8 23. Nc2 b6 24. Qa3 Nc5 25. h3 Nxf2 26. Kxf2 Ne4+ 27. Ke1 Nxg3 28. Bxe5 Bxe5 29. Nxe5 Bxg2 30. Qxg3 Qxc2 31. Qxg2 Qxb2 32. Qd5 Qc3+ 33. Kf2 Qxh3 34. Rg1 Qf5+ 35. Ke1 Qb1+ 36. Kf2 Qf5+ 37. Ke1 Qb1+ 38. Kf2 Qf5+ 39. Ke1 1/2-1/2

[Event "EU-Cup (Women) 25th"]
[Site "Struga"]
[Date "2021.09.24"]
[Round "7.1"]
[White "Muzychuk, Anna"]
[Black "Saduakassova, Dinara"]
[Result "1/2-1/2"]
[WhiteElo "2534"]
[BlackElo "2489"]
[PlyCount "85"]
[EventDate "2021.09.18"]
[EventType "team-tourn"]
[EventRounds "7"]
[EventCountry "MKD"]
[SourceTitle "CBM 204 Extra"]
[Source "ChessBase"]
[SourceDate "2021.11.30"]
[SourceVersion "1"]
[SourceVersionDate "2021.11.30"]
[SourceQuality "1"]
[WhiteTeam "Kiev Chess Fed (W)"]
[BlackTeam "South Ural Cheliabinsk (W)"]
[WhiteTeamCountry "UKR"]
[BlackTeamCountry "RUS"]

1. e4 e5 2. Nf3 Nc6 3. Bb5 a6 4. Ba4 Nf6 5. 0-0 Nxe4 6. d4 b5 7. Bb3 d5 8. dxe5 Be6 9. Qe2 Be7 10. Rd1 0-0 11. c4 bxc4 12. Bxc4 Bc5 13. Be3 Bxe3 14. Qxe3 Qb8 15. Bb3 Na5 16. Nbd2 Qa7 17. Nxe4 Qxe3 18. fxe3 Nxb3 19. axb3 dxe4 20. Nd4 Rfb8 21. Rdc1 Bxb3 22. Rxc7 Be6 23. Rd1 Rxb2 24. Nxe6 fxe6 25. Rdd7 Rb1+ 26. Kf2 Rb2+ 27. Kg3 Kh8 28. Rxg7 Rg8 29. Rxg8+ Kxg8 30. Re7 Rb6 31. Kf4 a5 32. Ra7 Rb2 33. g4 Rxh2 34. Rxa5 h5 35. Ra8+ Kf7 36. Ra7+ Kg6 37. gxh5+ Rxh5 38. Re7 Rh4+ 39. Kg3 Rh5 40. Rxe6+ Kf5 41. Re8 Rg5+ 42. Kf2 Rg6 43. Re7 1/2-1/2